| 000 | 01211nam a2200337 i 4500 | ||
|---|---|---|---|
| 999 |
_c65113 _d65113 |
||
| 001 | 768714001 | ||
| 003 | CO-MdFUSB | ||
| 005 | 20190802110011.0 | ||
| 008 | 190716t1994 mx |||| |||| 00| 0 spa d | ||
| 020 | _a9789681641993 | ||
| 040 |
_aCO-MdFUSB _bspa _cCO-MdFUSB _dCO-MdFUSBC _erda |
||
| 041 |
_aspa _heng |
||
| 082 |
_223 _a320.9 _bSA116h |
||
| 100 |
_aSabine, George H. _eautor |
||
| 245 |
_aHistoria de la teoría política _c/ George H. Sabine ; traducido por Vicente Herrero ; revisado por Thomas Landon Thorson |
||
| 250 | _aTercera edición. | ||
| 264 | 1 |
_aMéxico : _bFondo de Cultura Económica, _c[1994] |
|
| 264 | 4 | _c© 1994 | |
| 300 |
_a697 páginas _c; 23 cm |
||
| 336 |
_2rdacontent _atexto _btxt |
||
| 337 |
_2rdamedia _asin mediación _bn |
||
| 338 |
_2rdacarrier _avolumen _bnc |
||
| 490 | _aPolítica y Derecho | ||
| 505 |
_gPrimera Parte: _tLa teoría de la ciudad- Estado. _gSegunda Parte: _tLa teoría de la comunidad universal _gTercera Parte _tLa teoría del estado nacional. |
||
| 563 | _aRústico. | ||
| 650 | 0 |
_9926 _aCiencias políticas |
|
| 700 |
_92062 _aHerrero, Vicente, _etraductor |
||
| 700 |
_92131 _aLandon Thorson, Thomas. _erevisor |
||
| 942 | _cBK | ||
| 945 | _aJTF-925 | ||